World Map by ISO Country Code - Statistics

General Stats
  • This quiz has been taken 125 times
  • The average score is 141 of 196
Answers on the Map
Answers color-coded by a green-red scale on the quiz's map according to % correct below.
 
Answer Stats
Country Code % Correct
Canada CA
94%
Albania AL
92%
Australia AU
92%
Antigua & Barbuda AG
91%
Argentina AR
91%
Belgium BE
91%
Costa Rica CR
91%
Spain ES
91%
Ethiopia ET
91%
France FR
91%
Iran IR
91%
United States of America US
91%
Afghanistan AF
89%
Bolivia BO
89%
Brazil BR
89%
Switzerland CH
89%
Colombia CO
89%
Germany DE
89%
Egypt EG
89%
Finland FI
89%
India IN
89%
Mexico MX
89%
Russia RU
89%
Sweden SE
89%
Cuba CU
88%
Ecuador EC
88%
Italy IT
88%
Morocco MA
88%
Namibia NA
88%
Saudi Arabia SA
88%
Côte d'Ivoire CI
86%
Chile CL
86%
Japan JP
86%
Mali ML
86%
Nicaragua NI
86%
Norway NO
86%
Türkiye TR
86%
Bosnia & Herzegovina BA
84%
Bahrain BH
84%
Belize BZ
84%
Denmark DK
84%
Eritrea ER
84%
Gabon GA
84%
Georgia GE
84%
Indonesia ID
84%
Ireland IE
84%
Kazakhstan KZ
84%
Laos LA
84%
Niger NE
84%
Austria AT
83%
Bulgaria BG
83%
Democratic Republic of the Congo CD
83%
Guyana GY
83%
Liechtenstein LI
83%
Madagascar MG
83%
Panama PA
83%
Peru PE
83%
Somalia SO
83%
Venezuela VE
83%
United Arab Emirates AE
81%
Bahamas BS
81%
China CN
81%
United Kingdom GB
81%
Greece GR
81%
Libya LY
81%
Malaysia MY
81%
Poland PL
81%
Slovakia SK
81%
Sierra Leone SL
81%
Suriname SR
81%
Ukraine UA
81%
Uganda UG
81%
Uruguay UY
81%
Brunei BN
80%
Cameroon CM
80%
Guatemala GT
80%
Mongolia MN
80%
Portugal PT
80%
Thailand TH
80%
South Africa ZA
80%
Bangladesh BD
78%
Dominican Republic DO
78%
Haiti HT
78%
Kenya KE
78%
Mozambique MZ
78%
Nigeria NG
78%
New Zealand NZ
78%
Paraguay PY
78%
Sudan SD
78%
Syria SY
78%
Tunisia TN
78%
Burundi BI
77%
Czechia CZ
77%
Guinea GN
77%
Honduras HN
77%
Hungary HU
77%
Iraq IQ
77%
Latvia LT
77%
Moldova MD
77%
Montenegro ME
77%
Mauritania MR
77%
Netherlands NL
77%
Bhutan BT
75%
Israel IL
75%
South Korea KR
75%
Liberia LB
75%
Pakistan PK
75%
Slovenia SI
75%
Uzbekistan UZ
75%
Yemen YE
75%
Zambia ZM
75%
Armenia AM
73%
Azerbaijan AZ
73%
Botswana BW
73%
Cyprus CY
73%
Kyrgyzstan KG
73%
Lesotho LS
73%
Luxembourg LU
73%
Oman OM
73%
Romania RO
73%
Senegal SN
73%
South Sudan SS
73%
Tanzania TZ
73%
Vietnam VN
73%
Ghana GH
72%
Monaco MC
72%
Malawi MW
72%
Nepal NP
72%
Papua New Guinea PG
72%
Philippines PH
72%
El Salvador SV
72%
Tajikistan TJ
72%
Turkmenistan TM
72%
Angola AO
70%
Dominica DM
70%
Jamaica JM
70%
Jordan JO
70%
Latvia LV
70%
Malta MT
70%
Taiwan TW
70%
Andorra AD
69%
Cape Verde CV
69%
Djibouti DJ
69%
Rwanda RW
69%
Togo TG
69%
Tonga TO
69%
Kuwait KW
67%
Mauritius MU
67%
Nauru NR
67%
San Marino SM
67%
Qatar QA
66%
Burkina Faso BF
64%
Iceland IS
64%
Vatican City VA
63%
Zimbabwe ZW
63%
Croatia HR
61%
Myanmar MM
61%
The Gambia GM
59%
Kiribati KI
59%
Liberia LR
59%
Solomon Islands SB
59%
Seychelles SC
59%
Tuvalu TV
59%
Fiji FJ
58%
Singapore SG
58%
Sao Tome & Principe ST
58%
Trinidad & Tobago TT
58%
Timor-Leste TL
56%
Estonia EE
55%
Marshall Islands MH
55%
St. Kitts & Nevis KN
53%
Maldives MV
53%
eSwatini SZ
52%
Barbados BB
50%
Grenada GD
50%
Vanuatu VU
50%
Republic of the Congo CG
47%
Cambodia KH
45%
St. Lucia LC
41%
Algeria DZ
39%
North Macedonia MK
39%
Serbia RS
39%
Belarus BY
34%
Central African Republic CF
34%
Micronesia FM
33%
Comoros KM
33%
Palestine PS
33%
St. Vincent & the Grenadines VC
33%
Sri Lanka LK
31%
Chad TD
31%
North Korea KP
27%
Benin BJ
23%
Equatorial Guinea GQ
23%
Palau PW
19%
Samoa WS
17%
Guinea-Bissau GW
14%
No matching quizzes found
Score Distribution
Percent of People with Each Score
Percentile by Number Answered
Your Score History
You have not taken this quiz